| 000 | 01687nam0a2200349 4500 | ||
|---|---|---|---|
| 001 | RU\NLR\bibl\1417710 | ||
| 005 | 20250615213526.0 | ||
| 010 |
_a978-5-7502-0387-1 _bРусская редакция |
||
| 010 |
_a978-5-9775-0459-1 _91500 _bБХВ-Петербург |
||
| 021 |
_aRU _b2009-59286 _93662 |
||
| 035 | _a(NLR Aleph) 001409667 | ||
| 090 |
_a1274361 _c1274361 |
||
| 100 | _a20090930d2009 |||y0rusy50 ca | ||
| 101 | 1 |
_arus _ceng |
|
| 102 | _aRU | ||
| 105 | _aa ||||||||| | ||
| 200 | 1 |
_aГрупповая политика Windows _eресурсы Windows Server 2008, Windows Vista, Windows XP, Windows Server 2003 _fДерек Мелбер _g[пер. с англ. Натальи Сержантовой] |
|
| 210 |
_aМосква _cРусская редакция _aСанкт-Петербург _cБХВ-Петербург _d2009 |
||
| 215 |
_a530 с. _cил. _d24 _e1 опт. электрон. диск (CD-ROM) |
||
| 320 | _aПредм. указ.: с. 522-530 | ||
| 606 | 1 |
_aMICROSOFT WINDOWS 2008 SERVER, сетевая операционная система _92521235 _3RU\NLR\auth\661493989 |
|
| 606 | 1 |
_aMICROSOFT WINDOWS 2003 SERVER, сетевая операционная система _92321063 _3RU\NLR\auth\661388580 |
|
| 606 | 1 |
_aMICROSOFT WINDOWS VISTA, операционная система _92431483 _3RU\NLR\auth\661447212 |
|
| 606 | 1 |
_aMICROSOFT WINDOWS XP, операционная система _92234884 _3RU\NLR\auth\661341281 |
|
| 686 | _aЗ988.02-018.2 | ||
| 686 | _aЗ973.23-018.2 | ||
| 700 | 1 |
_aМелбер _bД. _gДерек _4070 |
|
| 801 | 0 |
_aRU _bNLR _c20090930 _gRCR |
|
| 801 | 1 |
_aRU _bNLR _c20090930 |
|
| 942 | _cBOOK | ||
| 980 | _aNB | ||